| 000 | 04546cam a22012734i 4500 | ||
|---|---|---|---|
| 003 | PE-LiUPU | ||
| 005 | 20250813185624.0 | ||
| 008 | 150706s2008 r 000 0 d | ||
| 020 | _a9789587160925 | ||
| 035 | _a(Sirsi) i9789587160925 | ||
| 040 |
_aPE-LiUPU _bspa _cPE-LiUPU _erda |
||
| 049 | _aPRUA | ||
| 082 | 0 | 4 |
_a301.35 _bNR8 _221 |
| 245 | 0 | 3 |
_aLa nueva ruralidad en América Latina : _bavances teóricos y evidencias empíricas / _cEdelmira Pérez C., María Adelaida Farah Q. y Hubert C. de Grammont. |
| 264 | 1 |
_aBogotá : _bPontificia Universidad Javeriana, _c2008. |
|
| 300 |
_a379 páginas : _bilustraciones ; _c22 cm. |
||
| 336 |
_atext _2rdacontent |
||
| 337 |
_aunmediated _2rdamedia |
||
| 338 |
_avolume _2rdacarrier |
||
| 504 | _aIncluye bibliografía. | ||
| 505 | 0 | _aAvances teóricos -- El concepto de nueva ruralidad -- Nueva ruralidad. Fundamentos teóricos y necesidad de avances empíricos -- La ruralidad en la sociedad contemporánea: una reflexión teórico-metodológica -- Enfoques geográficos en torno a la nueva ruralidad -- Actores sociales y reestructuraciones en los ámbitos rurales y agrarios de América Latina -- Evidencias empíricas sobre la pertinencia de la nueva ruralidad en Uruguay -- Evidencias empíricas -- Ruralidad de metropolitana -- De la lucha por la tierra a la defensa de la vida. Una mirada al movimiento campesino en Colombia -- Seguridad alimentaria campesina, gestión del riesgo y desarrollo rural: lecciones de El Salvador -- La gran transformación en Argentina: neoliberalismo y agricultura industrial -- Competencias laborales de la industria salmonera y mano de obra rural en la comuna de Dalcahue, provincia de Chiloe. Estudio de caso -- Tecnologías de la información y desarrollo rural: políticas de acceso universal en Chile -- La descentralización en el medio rural en Ecuador: potencialidades y limitaciones -- El proyecto de desarrollo integral Alto Mayo, una experiencia para el proceso de descentralización del Perú -- El trabajo manufacturero y sus implicaciones en la transformación rural-urbano. | |
| 526 | _aP202 | ||
| 526 | _aP201 | ||
| 526 | _aP163 | ||
| 526 | _aP162 | ||
| 526 | _aP161 | ||
| 526 | _aP160 | ||
| 526 | _aP148 | ||
| 526 | _aP147 | ||
| 526 | _aP146 | ||
| 526 | _aP145 | ||
| 526 | _aP144 | ||
| 526 | _aP143 | ||
| 526 | _aP142 | ||
| 526 | _aP141 | ||
| 526 | _aP140 | ||
| 526 | _aP139 | ||
| 526 | _aP138 | ||
| 526 | _aP137 | ||
| 526 | _aP136 | ||
| 526 | _aP135 | ||
| 526 | _aP134 | ||
| 526 | _aP133 | ||
| 526 | _aP129 | ||
| 526 | _aP128 | ||
| 526 | _aP127 | ||
| 526 | _aP120 | ||
| 526 | _aP119 | ||
| 526 | _aP118 | ||
| 526 | _aP116 | ||
| 526 | _aP115 | ||
| 526 | _aP114 | ||
| 526 | _aP110 | ||
| 526 | _aP109 | ||
| 526 | _aP108 | ||
| 526 | _aP104 | ||
| 526 | _aP103 | ||
| 526 | _aP102 | ||
| 526 | _aP99 | ||
| 526 | _aP98 | ||
| 526 | _aP97 | ||
| 526 | _aP96 | ||
| 526 | _aP95 | ||
| 526 | _aP93 | ||
| 526 | _aP90 | ||
| 526 | _aP89 | ||
| 526 | _aP88 | ||
| 526 | _aP83 | ||
| 526 | _aP82 | ||
| 526 | _aP62 | ||
| 526 | _aP59 | ||
| 526 | _aP58 | ||
| 526 | _aP57 | ||
| 526 | _aP51 | ||
| 526 | _aP49 | ||
| 526 | _aP48 | ||
| 526 | _aP47 | ||
| 526 | _aP29 | ||
| 526 | _aP24 | ||
| 526 | _aP20 | ||
| 526 | _aP19 | ||
| 526 | _aP17 | ||
| 526 | _aP15 | ||
| 526 | _aP14 | ||
| 526 | _aP12 | ||
| 526 | _aP10 | ||
| 526 | _aP09 | ||
| 526 | _aP08 | ||
| 526 | _aP07 | ||
| 526 | _aP06 | ||
| 526 | _aP05 | ||
| 526 | _aP04 | ||
| 526 | _aP01 | ||
| 541 | _g000006010; | ||
| 650 | 0 | 4 |
_aSociología rural _zAmérica Latina. |
| 650 | 0 | 4 |
_aDesarrollo rural _zAmérica latina. |
| 650 | 0 | 4 |
_aDesarrollo de la comunidad rural _zAmérica Latina. |
| 650 | 0 | 4 |
_aTrabajo rural _zAmérica Latina. |
| 650 | 0 | 4 |
_aCampesinos _xCondiciones sociales _zAmérica latina. |
| 700 | 1 |
_aPerez Correa, Edelmira, _ecomp. |
|
| 700 | 1 |
_aFarah Quijano, María Adelaida, _ecomp. |
|
| 700 | 1 |
_aCarton de Grammont, Hubert, _ecomp. |
|
| 910 |
_agl _clch _d20130806 |
||
| 942 |
_2ddc _cBOOK |
||
| 949 |
_a301.35 NR8 _wDEWEY _c1 _i67901 _lCCODEBUL1 _mBUL _p45.00 _r0 _sY _tBOOK _u2015-7-6 _xINGENIERIA _PP06 _o.STAFF. Colección General |
||
| 994 |
_aC0 _bPEPRU |
||
| 596 | _a1 | ||
| 999 |
_a301.35 NR8 _wDEWEY _c55411 _i67901 _d55411 _f2021-11-4 _g7 _lCCODEBUL1 _mBUL _p45.00 _q1 _r0 _sY _tBOOK _u2015-7-6 _xBIBLIOTECA _PP06 _0COMPRA _o.STAFF. Colección Ingenieria y Arquitectura |
||
| 980 |
_81 _gALBERTO SANCHEZ Responsable de Automatización |
||